Irish Diaspora - Top 10 Countries - Statistics

General Stats
  • This quiz has been taken 128 times
  • The average score is 8 of 10
Answer Stats
# % Country % Correct
33.3 mil 11 United States
100%
4.5 mil 14 Canada
97%
14 mil 10 United Kingdom
97%
7 mil 30 Australia
92%
0.6 mil 12 New Zealand
88%
1.2 mil 1 Mexico
81%
1 mil 3 Argentina
74%
0.33 mil 1 South Africa
71%
0.12 mil 1 Chile
59%
0.12 mil 4 Uruguay
39%
No matching quizzes found
Score Distribution
Percent of People with Each Score
Percentile by Number Answered
Your Score History
You have not taken this quiz